00325nam a2200133Ia 4500008004100000082001500041100002500056245002900081250000600110260000900116300000800125630002900133730002900162100122s9999 xx 000 0 und d b74493a135 aCONSTABLE & ROBINSON aTHE GIANT BOOK OF DREAMS a1 c2005 a538 aTHE GIANT BOOK OF DREAMS aTHE GIANT BOOK OF DREAMS